|
|
|
|
| LEADER |
00000nam0a2200000 4500 |
| 001 |
240460 |
| 005 |
20241105142952.0 |
| 010 |
|
|
|a 978-5-4387-0207-8
|
| 035 |
|
|
|a (RuTPU)RU\TPU\book\261717
|
| 035 |
|
|
|a RU\TPU\book\167300
|
| 090 |
|
|
|a 240460
|
| 100 |
|
|
|a 20130621d2013 m y0rusy50 ca
|
| 101 |
0 |
|
|a rus
|
| 102 |
|
|
|a RU
|
| 105 |
|
|
|a a j 001yy
|
| 181 |
|
0 |
|a i
|b e
|
| 182 |
|
0 |
|a n
|
| 183 |
|
0 |
|a nc
|2 RDAcarrier
|
| 200 |
1 |
|
|a Взрывные работы
|e учебник для вузов
|f В. Г. Лукьянов, В. И. Комащенко, В. А. Шмурыгин
|g Национальный исследовательский Томский политехнический университет
|
| 203 |
|
|
|a Текст
|b визуальный
|c непосредственный
|
| 205 |
|
|
|a 2-е изд.
|
| 210 |
|
|
|a Томск
|c Изд-во ТПУ
|d 2013
|
| 215 |
|
|
|a 402 с.
|c ил.
|
| 225 |
1 |
|
|a Учебники Томского политехнического университета
|
| 283 |
|
|
|a volume
|2 RDAcarrier
|
| 317 |
|
|
|5 63413507: КР-7911
|a Поступил в НТБ в 2023 г. в составе книжного собрания профессора В. Г. Лукьянова
|
| 320 |
|
|
|a Список литературы с. 396-397
|
| 330 |
|
|
|a В учебнике изложены общие сведения о прострелочно-взрывных работах, ядерных взрывах в промышленности и охране окружающей среды. Приведены способы бурения при разрушении горных пород. Описаны взрывчатые материалы, способы и методы взрывных работ. Большое внимание уделено основам теории взрыва и взрывчатых веществ. Дано описание общих принципов расположения и расчеты зарядов взрывчатых веществ в геологоразведке и инженерной геологии. Рассмотрены правила безопасного хранения, перевозки и уничтожения взрывчатых материалов. Учебник разработан в рамках реализации Инновационной образовательной программы ТПУ по направлению "Рациональное природопользование и экологически безопасные технологии разработки месторождений, транспортировки, переработки нефти и газа" и предназначен для студентов геологических специальностей, инженерно-технических работников, занимающихся горным делом, а также может быть полезен для слушателей курсов дополнительного обучения специалистов на право технического руководства горными и взрывными работами.
|
| 452 |
|
1 |
|0 (RuTPU)RU\TPU\book\263004
|t Взрывные работы
|o учебник для вузов
|f В. Г. Лукьянов, В. И. Комащенко, В. А. Шмурыгин
|g Национальный исследовательский Томский политехнический университет (ТПУ), Институт природных ресурсов (ИПР), Кафедра транспорта и хранения нефти и газа (ТХНГ)
|e 2-е изд.
|c Томск
|n Изд-во ТПУ
|d 2013
|a Лукьянов, Виктор Григорьевич
|
| 606 |
1 |
|
|a Взрывные работы
|2 stltpush
|3 (RuTPU)RU\TPU\subj\2381
|9 30957
|
| 610 |
1 |
|
|a горное дело
|
| 610 |
1 |
|
|a горные породы
|
| 610 |
1 |
|
|a разрушение
|
| 610 |
1 |
|
|a буровые работы
|
| 610 |
1 |
|
|a взрывные скважины
|
| 610 |
1 |
|
|a шпуры
|
| 610 |
1 |
|
|a бурение
|
| 610 |
1 |
|
|a взрыв
|
| 610 |
1 |
|
|a взрывчатые вещества
|
| 610 |
1 |
|
|a геологическая разведка
|
| 610 |
1 |
|
|a инженерная геология
|
| 610 |
1 |
|
|a сжимаемые горные породы
|
| 610 |
1 |
|
|a скважины
|
| 610 |
1 |
|
|a прострелочно-взрывные работы
|
| 610 |
1 |
|
|a ядерные взрывные работы
|
| 610 |
1 |
|
|a окружающая среда
|
| 610 |
1 |
|
|a инициирование
|
| 610 |
1 |
|
|a труды учёных ТПУ
|
| 610 |
1 |
|
|a экология
|
| 610 |
1 |
|
|a учебники
|
| 610 |
1 |
|
|a Библиотека В. Г. Лукьянова
|
| 675 |
|
|
|a 622.235.6(075.8)
|v 4
|
| 700 |
|
1 |
|a Лукьянов
|b В. Г.
|c горный инженер
|c профессор Томского политехнического университета, доктор технических наук
|f 1930-
|g Виктор Григорьевич
|3 (RuTPU)RU\TPU\pers\12910
|9 3695
|
| 701 |
|
1 |
|a Комащенко
|b В. И.
|g Виталий Иванович
|
| 701 |
|
1 |
|a Шмурыгин
|b В. А.
|c специалист в области нефтегазового дела
|c доцент Томского политехнического университета
|f 1957-
|g Владимир Александрович
|3 (RuTPU)RU\TPU\pers\26137
|9 11966
|
| 712 |
0 |
2 |
|a Национальный исследовательский Томский политехнический университет
|c (2009- )
|3 (RuTPU)RU\TPU\col\15902
|4 570
|9 26305
|
| 801 |
|
1 |
|a RU
|b 63413507
|c 20090224
|g PSBO
|
| 801 |
|
2 |
|a RU
|b 63413507
|c 20210623
|g PSBO
|
| 942 |
|
|
|c BK
|